00346 a2200109 4500001001000000005001700010008004100027245005500068100002000123700002200143773007100165ART_4370620260410162025.0260409a 10aMulti-task learning and the reorganization of work1 aLindbeck, Assar1 aSnower, Dennis J.0 tJournal of labor economicsg- Vol. 18, NÂș 3 (jul. 2000)wREV43438